000 01031nam a22002537a 4500
999 _c64959
_d64959
005 20240530110759.0
008 190121s2017 ua g b 000 0 ara d
017 _a2017/2666
_bمصر. دار الكتب
020 _a9789779111285
040 _aEG-CaGPL
_cEG-CaGPL
082 0 4 _221
_a123.5 /
_bم ح
100 0 _aمحمد عبده ابو العلا
245 1 2 _aالحرية والمساواة فى الفكر السياسى المعاصر :
_bدراسة فى الليبرالية الاجتماعية عند رونالد دوركين /
_cمحمد عبده ابو العلا
250 _aط.1
260 _aالقاهرة :
_bالهيئة المصرية العامة للكتاب،
_c2017.
300 _a229 ص. ؛
_c24 سم.
504 _aيشتمل على ارجاعات ببليوجرافية
650 0 7 _2qrmak
_aالليبرالية
_xفلسفة
650 0 7 _2qrmak
_aالحرية
650 0 7 _2qrmak
_aالمساواة
651 _2qrmak
942 _2ddc
_cBK